Najdroższi piłkarze zespołów grających na Copa America. - Statystyki

Ogólne statystyki
  • Ten quiz został rozwiązany 98 razy
  • Średni wynik to 5 z 10
Statystyki odpowiedzi
Wartość Narodowość Klub Piłkarz % Poprawnych
80,00 mln Argentyna FC Barcelona Messi
100%
100,00 mln Brazylia PSG Neymar
94%
65,00 mln Urugwaj Real Madryt Valverde
85%
33,00 mln Kolumbia Atalanta Zapata
69%
16,00 mln Paragwaj Newcastle Almiron
44%
12,00 mln Ekwador Villarreal Estupinan
27%
12,00 mln Chile AS Monaco Maripan
23%
20,00 mln Peru Celta Vigo Tapia
18%
18,00 mln Wenezuela Granada Herrera
2%
1,10 mln Boliwia Bolivar La Paz Saavedra
0%
Nie znaleziono quizów pasujących do podanych kryteriów
Rozkład punktacji
Procent ludzi z każdym wynikiem
Percentyl według liczby udzielonych odpowiedzi
Twoja historia wyników
Nie rozwiązałeś tego quizu